History Quiz

Random History or Year Quiz
Score 0/50 Timer 10:00
0 Plays Today
% Correct
George H. W. Bush
95.9%
Stephen Hawking
94.6%
Aretha Franklin
86.5%
John McCain
72.4%
Burt Reynolds
70.7%
Anthony Bourdain
64%
Stan Lee
63.1%
Barbara Bush
60%
Billy Graham
50.6%
Verne Troyer
43.9%
Penny Marshall
41.7%
Joe Jackson
40.7%
Jerry Van Dyke
40.3%
Kate Spade
30.2%
Winnie Mandela
29.6%
Harry Anderson
27.9%
Mac Miller
26.6%
Robin Leach
26.5%
Roy Clark
24.8%
Dolores O’Riordan
22%
Charlotte Rae
21.8%
John Mahoney
20.9%
Margot Kidder
20.8%
R. Lee Ermey
20.3%
Keith Jackson
19.9%
% Correct
Avicii
19.8%
Ken Berry
17.4%
Charles Krauthammer
16.8%
Richard Benjamin Harrison
15.9%
Neil Simon
14.5%
XXXTentacion
14.4%
Tom Wolfe
13.5%
David Ogden Stiers
12.4%
Stephen Hillenburg
11.8%
Paul Allen
6.7%
Ricky Jay
6.2%
Vic Damone
5.4%
Scott Wilson
5%
Reg E. Cathey
4.4%
Ursula K. Le Guin
3.3%
Donnelly Rhodes
3.2%
Nancy Sinatra Sr.
2.8%
Ed King
2.2%
Dennis Edwards
2%
Bernardo Bertolucci
1.9%
Yvonne Staples
1.7%
William Goldman
1.3%
Isao Takahata
1.3%
Naomi Parker Fraley
0.8%
Seo Min-Woo
0.8%
Remove Ads.
Support Sporcle.
Get the best of Sporcle when you Go Orange. This ad-free experience offers more features, more stats, and more fun while also helping to support Sporcle. Thank you for becoming a member.

You're not logged in!

Compare scores with friends on all Sporcle quizzes.
OR
Log In

Show Comments

Extras

Top Quizzes Today


Score Distribution

Your Account Isn't Verified!

In order to create a playlist on Sporcle, you need to verify the email address you used during registration. Go to your Sporcle Settings to finish the process.

Report this User

Report this user for behavior that violates our Community Guidelines.

Details: